Statistiques concernant Quiz Ultime - Danganronpa : Trigger Happy Havoc

Cliquez ici pour prendre le quiz!

Statistiques générales

  • Ce quiz a été pris 40 fois
  • Le résultat moyen est 35 sur 54

Statistiques - réponses

IndiceRéponse% Correct
Détective UltimeKyoko Kirigiri
100%
Chanceux UltimeMakoto Naegi
100%
Combattante UltimeSakura Ogami
100%
Nageuse UltimeAoi Asahina
97%
Héritier UltimeByakuya Togami
97%
Fashionista UltimeJunko Enoshima
97%
Programmeur UltimeChihiro Fujisaki
94%
Joueur de baseball UltimeLeon Kuwata
94%
Parieuse UltimeCélestia Ludenberg
91%
Élève exécutéLeon Kuwata
91%
Idole UltimeSayaka Maizono
91%
Auteure UltimeToko Fukawa
91%
Biker UltimeMondo Owada
88%
Machine de l'instigateurMonokuma
88%
Voyant UltimeYasuhiro Hagakure
88%
Intelligence ArtificielleAlter Ego
85%
Élève tuéSayaka Maizono
85%
Nombre de survivants6
82%
Élève tuéChihiro Fujisaki
82%
Ancien directeurJin Kirigiri
82%
Élève exécutéMondo Owada
82%
Soldat UltimeMukuro Ikusaba
82%
Élève "exécuté"Makoto Naegi ou Kyoko Kirigiri
79%
Cause de la mortPoignardée
79%
Élève exécutéCélestia Ludenberg
76%
Auteur de doujins UltimeHifumi Yamada
76%
Boussole morale UltimeKiyotaka Ishimaru
76%
Élève tuéSakura Ogami
76%
Élève exécutéJunko Enoshima
73%
Élève exécutéAlter Ego
70%
Lieu du crimeChambre de Makoto
70%
Élève tué 2Hifumi Yamada
70%
Élève tué 1Kiyotaka Ishimaru
67%
Élève tuéMukuro Ikusaba
61%
Cause de la mort 1Coup de marteau
58%
Cause de la mort 2Coup de marteau
58%
Cause de la mortPoison
58%
Nom de l'écoleAcadémie du Pic de l'Espoir
55%
Frère du bikerDaiya Owada
52%
Cause de la mortCoup d'haltère
42%
Lieu du crimeSalle de jeu
42%
Lieu du crimeVestiaire des garçons
36%
Événement le plus désespérantLa Tragédie
30%
ExécutionLes 1000 Coups
30%
Lieu du crimeGymnase
27%
Cause de la mortLances de Gungnir
21%
ExécutionLa Cage de la Mort
18%
ExécutionL'Autodafé de la Sorcière de Versailles
15%
Lieu du crime 2Entrepôt
12%
ExécutionLe Maître de l'excavation
12%
Lieu du crime 1Local d'équipement
12%
ExécutionCours supplémentaires
9%
ExécutionSuper Exécution Désespérante Lycéenne
9%
Exécution du directeurL'Odyssée de l'Espace
6%

Distribution des résultats

Percentile par nombre de réponses

% des personnes avec chaque résultat

Votre développement - résultats

Vous n’avez pas pris ce quiz